000 00803nam a2200253Ia 4500
003 OSt
005 20221005105130.0
006 a|||||r|||| 00| 0
007 ta
008 221004b |||||||| |||| 00| 0 hin d
024 _a109908
037 _cTextual
040 _aCRL
_cCRL
_bhin
041 _2hin
_ahin
082 _aO152,3N291,SA, L6
100 _aयादव, राजेन्द्र
245 0 _aसारा आकाश
246 _aSārā ākāsha
260 _aनई दिल्ली
_bअक्षर प्रकाशन भारत
_c1976
300 _a220पृ0
_ccm.
650 _aहिन्दी साहित्य
942 _hO152,3N291,SA, L6
_cTEXL
_2cc
999 _c1014870
_d1014870